Numerical methods using Matlab

Uloženo v:
Podrobná bibliografie
Hlavní autoři: Penny, John (Autor), Lindfield, George (Autor)
Médium: Kniha
Jazyk:angličtina
Vydáno: Nueva York Ellis Horwood 1995
Témata:
Tagy: Přidat tag
Žádné tagy, Buďte první, kdo vytvoří štítek k tomuto záznamu!

MARC

LEADER 00000nam a2200000 a 4500
001 UCN6476
003 CL-VaPUC
008 010928e19950000US |||||||||||||||||eng|d
082 0 4 |a 519.4  |b PEN  |2 21 
100 0 |a Penny, John  |e author  |9 462117 
700 0 |a Lindfield, George  |e author  |9 462118 
245 1 0 |a Numerical methods using Matlab 
300 |a 328 p 
942 |c BK 
945 |d 20010928 00:00:00  |a vberengu 
260 |a Nueva York  |b Ellis Horwood  |c 1995 
650 0 |a Análisis numérico   |9 259387 
650 7 |a MATLAB  |2 CL-VaPUC  |9 330763 
583 |a last modification  |c 20010928 00:00:00  |k Rodrigo Vera 
999 |c 297229  |d 297227 
952 |0 0  |1 0  |4 0  |6 519_400000000000000_PEN_1995  |7 0  |8 A  |9 351768  |a BIBING  |b BIBING  |d 2019-11-21  |i 3752909  |l 2  |o 519.4 PEN 1995  |p 3752909  |r 2025-01-20  |s 2024-05-10  |w 2019-11-21  |y BK  |k EIB